Statistics for Top 12 Minnesota Timberwolves Players

Click here to take the quiz!

General Stats

  • This quiz has been taken 257 times
    (243 since last reset)
  • The average score is 5 of 12

Answer Stats

RankPlayerWin Share% Correct
1Kevin Garnett139.8
98%
2Karl-Anthony Towns68.7
96%
3Kevin Love47.0
69%
7Ricky Rubio26.4
46%
4Wally Szczerbiak41.0
39%
9Tom Gugliotta19.0
25%
10Christian Laettner19.0
21%
11Nikola Pekovic18.8
16%
5Sam Mitchell32.9
16%
12Joe Smith17.6
14%
6Guorgui Dieng26.5
11%
8Terrell Brandon23.1
11%

Score Distribution

Percentile by Number Answered

Percent of People with Each Score

Your Score History

You have not taken this quiz since the last reset